000 01362nam a22003857a 4500
003 CHAP
005 20220329133839.0
008 971013s1976 r 00010 d
010 _a11740
011 _a12712
035 _a16225
040 _cCHAP
090 _aTesis
100 0 0 _aMendoza Mendoza, Serafín.
_974692
245 _aFertilización de tres genotipos de sorgo para grano en dos rotaciones de cultivos, en el Valle del Yaquí, Son.
260 _aChapingo, Méx. :
_bEl autor,
_c1976
300 _a103 h. gráfs.
502 _aTesis (Ing. Agrónomo Especialsita en Suelos) -- ENA. Departamento de Suelos
590 _aALEPH
_b10
_c20130110
_lUCH01
_h1229
590 _aBATCH-UPD
_b10
_c20130110
_lUCH01
_h0011
590 _aBATCH-UPD
_b10
_c20130110
_lUCH01
_h2024
590 _aBATCH-UPD
_b10
_c20130409
_lUCH01
_h1948
590 _aBATCH-UPD
_b10
_c20130410
_lUCH01
_h1342
590 _aBATCH-UPD
_b10
_c20130914
_lUCH01
_h1404
590 _aCONVERSION
_b10
_c20130109
_lUCH01
_h1308
650 1 4 _aFertilizantes para sorgo.
_940636
650 1 4 _aFósforo
_xEfecto en sorgo.
_942254
650 1 4 _aNitrógeno
_xEfecto en sorgo.
_981461
650 1 4 _aRotación de cultivos.
_9100243
650 1 4 _aSorgo
_xGenética.
_9108673
901 _aBK
942 _cTESIS
949 _bBC
_cTES
_d-147462
_eTS1
_i16225
_si
949 _bS
_cTESBD
_d-28446
_eTS1
_i16225
_si
999 _c11740
_d11740